书目信息 |
| 题名: |
画布上的创造
|
|
| 作者: | 戴士和 著 | |
| 分册: | ||
| 出版信息: | 成都 四川人民出版社 1986 |
|
| 页数: | 152页 | |
| 开本: | 19cm | |
| 丛书名: | 走向未来丛书 | |
| 单 册: | ||
| 中图分类: | J206 , G303 | |
| 科图分类: | ||
| 主题词: | 绘画理论 , 抽象表现主义-绘画--研究 , 绘画-抽象表现主义--研究 , 印象画派-绘画--研究 , 绘画-印象画派--研究 , 科学研究--理论 | |
| 电子资源: | ||
| ISBN: | ||
| 000 | 00865nam2 2200325 45 | |
| 001 | 0186005598 | |
| 005 | 20040505161552.5 | |
| 010 | @dCNY1.05 | |
| 100 | @a19951110d1986 em y0chiy0121 ea | |
| 101 | 0 | @achi |
| 102 | @aCN@b510000 | |
| 105 | @af z 000yy | |
| 106 | @ar | |
| 200 | 10 | @a画布上的创造@Ahua bu shang de chuang zao@f戴士和著 |
| 210 | @a成都@c四川人民出版社@d1986 | |
| 215 | @a152页@c插图@d19cm | |
| 225 | 2 | @a走向未来丛书 |
| 410 | 0 | @120010@a走向未来丛书 |
| 606 | @a绘画理论 | |
| 606 | @a抽象表现主义-绘画@x研究 | |
| 606 | @a绘画-抽象表现主义@x研究 | |
| 606 | @a印象画派-绘画@x研究 | |
| 606 | @a绘画-印象画派@x研究 | |
| 606 | 0 | @a科学研究@x理论 |
| 690 | @aJ206@v3 | |
| 690 | @aG303 | |
| 701 | 0 | @a戴士和@4著@Adai shi he |
| 801 | 0 | @aCN@b深圳图书馆@c20040505 |
| 801 | 2 | @aCN@bNLC@c20040505 |
| 905 | @f1@b205632@dG303@e26:10 | |
| 画布上的创造/戴士和著.-成都:四川人民出版社,1986 |
| 152页:插图;19cm.-(走向未来丛书) |
| ISBN :CNY1.05 |
| ● |
| 相关链接 |
|
|
|
|
正题名:画布上的创造
索取号:G303/26:10
 
预约/预借
| 序号 | 登录号 | 条形码 | 馆藏地/架位号 | 状态 | 备注 |
| 1 | 0205632 | 000988676 | 密集书库/ [索取号:G303/26:10] | 在馆 | |
| 2 | 0205633 | 001778785 | 密集书库/ [索取号:G303/26:10] | 在馆 | |
| 3 | 0205634 | 000988765 | 第一样本阅览室/ [索取号:G303/26:10] | 在馆 |